| 000 | 00390pab a2200145 454500 | ||
|---|---|---|---|
| 008 | 180718b2001 xxu||||| |||| 00| 0 eng d | ||
| 100 | _aSen, Gautam | ||
| 245 | _aIndian foreign policy today: a power political interpretation | ||
| 260 | _c2001 | ||
| 300 | _ap.109-11 | ||
| 362 | _a13 Jan | ||
| 650 | _aInternational relations | ||
| 773 | _aEconomic and Political Weekly | ||
| 909 | _a47453 | ||
| 999 |
_c47453 _d47453 |
||